<?xml version="1.0" encoding="UTF-8"?>
<record
    xmlns:xsi="http://www.w3.org/2001/XMLSchema-instance"
    xsi:schemaLocation="http://www.loc.gov/MARC21/slim http://www.loc.gov/standards/marcxml/schema/MARC21slim.xsd"
    xmlns="http://www.loc.gov/MARC21/slim">

  <leader>01751nam0a2200313   4500</leader>
  <controlfield tag="001">RU\NLR\BIBL_A\012400625</controlfield>
  <controlfield tag="005">20250810073743.0</controlfield>
  <datafield tag="035" ind1=" " ind2=" ">
    <subfield code="a">(NLR Aleph) 012400625</subfield>
  </datafield>
  <datafield tag="090" ind1=" " ind2=" ">
    <subfield code="a">11723307</subfield>
    <subfield code="c">11723307</subfield>
  </datafield>
  <datafield tag="100" ind1=" " ind2=" ">
    <subfield code="a">20110915d1945    u  y0rusy50      ca</subfield>
  </datafield>
  <datafield tag="101" ind1="0" ind2=" ">
    <subfield code="a">rus</subfield>
  </datafield>
  <datafield tag="102" ind1=" " ind2=" ">
    <subfield code="a">RU</subfield>
  </datafield>
  <datafield tag="105" ind1=" " ind2=" ">
    <subfield code="a">a   z   |||z|</subfield>
  </datafield>
  <datafield tag="200" ind1="1" ind2=" ">
    <subfield code="a">&#x420;&#x435;&#x43C;&#x43E;&#x43D;&#x442; &#x438; &#x442;&#x435;&#x445;&#x43D;&#x438;&#x447;&#x435;&#x441;&#x43A;&#x430;&#x44F; &#x44D;&#x43A;&#x441;&#x43F;&#x43B;&#x443;&#x430;&#x442;&#x430;&#x446;&#x438;&#x44F; &#x430;&#x432;&#x442;&#x43E;&#x43C;&#x43E;&#x431;&#x438;&#x43B;&#x44F;</subfield>
    <subfield code="e">(&#x438;&#x437; &#x43E;&#x43F;&#x44B;&#x442;&#x430; &#x440;&#x430;&#x431;&#x43E;&#x442;&#x44B; &#x430;&#x432;&#x442;&#x43E;&#x43C;&#x43E;&#x431;&#x438;&#x43B;&#x44C;&#x43D;&#x44B;&#x445; &#x447;&#x430;&#x441;&#x442;&#x435;&#x439; &#x41B;&#x435;&#x43D;&#x438;&#x43D;&#x433;&#x440;&#x430;&#x434;&#x441;&#x43A;&#x43E;&#x433;&#x43E; &#x444;&#x440;&#x43E;&#x43D;&#x442;&#x430;)</subfield>
    <subfield code="e">&#x441;&#x431;&#x43E;&#x440;&#x43D;&#x438;&#x43A;</subfield>
    <subfield code="f">&#x410;&#x432;&#x442;&#x43E;&#x43C;&#x43E;&#x431;&#x438;&#x43B;&#x44C;&#x43D;&#x43E;&#x435; &#x443;&#x43F;&#x440;&#x430;&#x432;&#x43B;&#x435;&#x43D;&#x438;&#x435; &#x41B;&#x435;&#x43D;&#x438;&#x43D;&#x433;&#x440;&#x430;&#x434;&#x441;&#x43A;&#x43E;&#x433;&#x43E; &#x444;&#x440;&#x43E;&#x43D;&#x442;&#x430;</subfield>
    <subfield code="g">[&#x440;&#x435;&#x434;&#x430;&#x43A;&#x446;&#x438;&#x44F;: &#x438;&#x43D;&#x436;.-&#x43F;&#x43E;&#x434;&#x43F;&#x43E;&#x43B;&#x43A;. &#x41F;&#x43E;&#x43F;&#x43E;&#x432; &#x41C;.&#x414;. (&#x43E;&#x442;&#x432;. &#x440;&#x435;&#x434;.) &#x438; &#x434;&#x440;.]</subfield>
  </datafield>
  <datafield tag="210" ind1=" " ind2=" ">
    <subfield code="a">&#x41B;&#x435;&#x43D;&#x438;&#x43D;&#x433;&#x440;&#x430;&#x434;</subfield>
    <subfield code="c">&#x412;&#x43E;&#x435;&#x43D;&#x43D;&#x43E;&#x435; &#x438;&#x437;&#x434;&#x430;&#x442;&#x435;&#x43B;&#x44C;&#x441;&#x442;&#x432;&#x43E; &#x41D;&#x430;&#x440;&#x43E;&#x434;&#x43D;&#x43E;&#x433;&#x43E; &#x43A;&#x43E;&#x43C;&#x438;&#x441;&#x441;&#x430;&#x440;&#x438;&#x430;&#x442;&#x430; &#x43E;&#x431;&#x43E;&#x440;&#x43E;&#x43D;&#x44B;</subfield>
    <subfield code="d">1945</subfield>
  </datafield>
  <datafield tag="215" ind1=" " ind2=" ">
    <subfield code="a">115 &#x441;.</subfield>
    <subfield code="c">&#x438;&#x43B;.</subfield>
    <subfield code="d">20</subfield>
  </datafield>
  <datafield tag="606" ind1="1" ind2=" ">
    <subfield code="a">&#x412;&#x43E;&#x435;&#x43D;&#x43D;&#x44B;&#x435; &#x430;&#x432;&#x442;&#x43E;&#x43C;&#x43E;&#x431;&#x438;&#x43B;&#x438;</subfield>
    <subfield code="j">&#x421;&#x431;&#x43E;&#x440;&#x43D;&#x438;&#x43A;&#x438;</subfield>
    <subfield code="x">&#x420;&#x435;&#x43C;&#x43E;&#x43D;&#x442;</subfield>
    <subfield code="9">1057232</subfield>
    <subfield code="3">RU\NLR\AUTH\6691352</subfield>
  </datafield>
  <datafield tag="606" ind1="1" ind2=" ">
    <subfield code="a">&#x412;&#x43E;&#x435;&#x43D;&#x43D;&#x44B;&#x435; &#x430;&#x432;&#x442;&#x43E;&#x43C;&#x43E;&#x431;&#x438;&#x43B;&#x438;</subfield>
    <subfield code="j">&#x421;&#x431;&#x43E;&#x440;&#x43D;&#x438;&#x43A;&#x438;</subfield>
    <subfield code="x">&#x42D;&#x43A;&#x441;&#x43F;&#x43B;&#x443;&#x430;&#x442;&#x430;&#x446;&#x438;&#x44F;</subfield>
    <subfield code="9">2066760</subfield>
    <subfield code="3">RU\NLR\AUTH\661241329</subfield>
  </datafield>
  <datafield tag="686" ind1="1" ind2=" ">
    <subfield code="a">&#x426;621.11-9&#x44F;43</subfield>
  </datafield>
  <datafield tag="702" ind1=" " ind2="1">
    <subfield code="4">340</subfield>
    <subfield code="7">ca</subfield>
    <subfield code="8">rus</subfield>
    <subfield code="a">&#x41F;&#x43E;&#x43F;&#x43E;&#x432;</subfield>
    <subfield code="b">&#x41C;. &#x414;.</subfield>
    <subfield code="c">&#x432;&#x43E;&#x435;&#x43D;. &#x438;&#x43D;&#x436;&#x435;&#x43D;&#x435;&#x440;</subfield>
    <subfield code="f">1903-</subfield>
    <subfield code="g">&#x41C;&#x438;&#x445;&#x430;&#x438;&#x43B; &#x414;&#x43C;&#x438;&#x442;&#x440;&#x438;&#x435;&#x432;&#x438;&#x447;</subfield>
    <subfield code="9">227255</subfield>
    <subfield code="3">RU\NLR\AUTH\770227311</subfield>
  </datafield>
  <datafield tag="712" ind1="0" ind2="2">
    <subfield code="4">570</subfield>
    <subfield code="a">&#x41B;&#x435;&#x43D;&#x438;&#x43D;&#x433;&#x440;&#x430;&#x434;&#x441;&#x43A;&#x438;&#x439; &#x444;&#x440;&#x43E;&#x43D;&#x442;</subfield>
    <subfield code="b">&#x410;&#x432;&#x442;&#x43E;&#x43C;&#x43E;&#x431;&#x438;&#x43B;&#x44C;&#x43D;&#x43E;&#x435; &#x443;&#x43F;&#x440;&#x430;&#x432;&#x43B;&#x435;&#x43D;&#x438;&#x435;</subfield>
    <subfield code="c">1941-1945</subfield>
    <subfield code="9">722729</subfield>
    <subfield code="3">RU\NLR\AUTH\880530360</subfield>
  </datafield>
  <datafield tag="852" ind1=" " ind2=" ">
    <subfield code="a">NLR</subfield>
    <subfield code="j">II &#x41B;3-258/1-63</subfield>
  </datafield>
  <datafield tag="942" ind1=" " ind2=" ">
    <subfield code="c">BOOK</subfield>
  </datafield>
  <datafield tag="945" ind1=" " ind2=" ">
    <subfield code="a">&#x420;&#x43E;&#x441;&#x441;&#x438;&#x439;&#x441;&#x43A;&#x430;&#x44F; &#x43D;&#x430;&#x446;&#x438;&#x43E;&#x43D;&#x430;&#x43B;&#x44C;&#x43D;&#x430;&#x44F; &#x431;&#x438;&#x431;&#x43B;&#x438;&#x43E;&#x442;&#x435;&#x43A;&#x430;</subfield>
  </datafield>
  <datafield tag="980" ind1=" " ind2=" ">
    <subfield code="a">NB</subfield>
  </datafield>
  <datafield tag="980" ind1=" " ind2=" ">
    <subfield code="a">BV</subfield>
  </datafield>
</record>
